Soccer Players by Club Team - Statistics

General Stats
  • This quiz has been taken 484 times
  • The average score is 10 of 15
Answer Stats
Hint Answer % Correct
Wayne Rooney Manchester United
99%
Sergio Ramos Real Madrid
97%
Neymar Barcelona
95%
Alexis Sanchez Arsenal
92%
Gary Cahill Chelsea
88%
David Silva Manchester City
77%
Mario Balotelli Liverpool
75%
Patrice Evra Juventus
62%
Fernando Torres AC Milan
55%
Dante Bayern Munich
54%
Paulinho Tottenham Hotspur
45%
Ashley Cole AS Roma
44%
Samuel Eto'o Everton
41%
Rio Ferdinand Queens Park Rangers
38%
Hector Herrera FC Porto
33%
No matching quizzes found
Score Distribution
Percent of People with Each Score
Percentile by Number Answered
Your Score History
You have not taken this quiz